| 000 | nam a22 7a 4500 | ||
|---|---|---|---|
| 999 |
_c129589 _d129589 |
||
| 008 | 190509b xxu||||| |||| 00| 0 eng d | ||
| 050 |
_aBV639.W7 _bK45 |
||
| 100 |
_aKholowa, Janet _946358 |
||
| 245 |
_aMtumwi Paulo ndi Udindo wa Amayi mu Mpingo _cJaney Kholowa and Klaus Fiedler |
||
| 260 |
_aBlantyre _bChristian Literature Association in Malawi _c2001 |
||
| 300 |
_a21cm. _c21cm. |
||
| 650 |
_aCatholic Church _xWomen _946359 |
||
| 942 |
_2lcc _cMONOGRAPH |
||